LIBRARY & INFORMATION CENTRE, KCAET, TAVANUR

ONLINE PUBLIC ACCESS CATALOGUE (OPAC)

Essential oils : Vol 4 individual essential oils of the plant families / (Record no. 1782)

MARC details
000 -LEADER
fixed length control field 00492cam a2200181ua 4500
041 ## - LANGUAGE CODE
Language code of text/sound track or separate title eng
082 ## - DEWEY DECIMAL CLASSIFICATION NUMBER
Classification number 547.71
Item number GUE/ES
100 ## - MAIN ENTRY--AUTHOR NAME
Personal name Guenther, Ernest .
245 ## - TITLE STATEMENT
Title Essential oils : Vol 4 individual essential oils of the plant families /
250 ## - EDITION STATEMENT
Edition statement 1 /
260 ## - PUBLICATION, DISTRIBUTION, ETC. (IMPRINT)
Place of publication :
Name of publisher D.Van nostrant co. ,
Year of publication 1950.
300 ## - PHYSICAL DESCRIPTION
Number of Pages 752 :
Other physical details ` ; .
942 ## - ADDED ENTRY ELEMENTS (KOHA)
Koha item type Books
Holdings
Withdrawn status Lost status Damaged status Home library Current library Date acquired Full call number Accession Number Koha item type
      KAUAET KAUAET 07/04/2012 547.71 10607 Books
free website counter